Social Media Quiz - Statistics

General Stats
  • This quiz has been taken 265 times
    242 since last reset
  • The average score is 7 of 18
Answer Stats
Hint Answer % Correct
Tweet! Twitter
98%
Created by Mark Zuckerberg Facebook
97%
Photo sharing and direct messaging Instagram
93%
The ghost of social media Snapchat
87%
"Pin" pics of your favorite things Pinterest
82%
Share, send, and publish videos and leave comments YouTube
64%
Largest Professionals Network LinkedIn
54%
A "friend space" MySpace
45%
Used by NASA a lot and has "Hangouts" Google+
44%
Blog Sending Tumblr
41%
Organize and share pics Flickr
14%
Make new friends instantly from your area Friendster
6%
Popular in Britain Bebo
5%
Link up with old friends from your childhood Classmates
4%
Entertainment, games, and connect with friends and family Hi5
2%
Chat, make friends and hang out MeetMe
2%
Takes groups and chat rooms to a new high level NING
2%
Meet and socialize through games and messages Tagged
1%
No matching quizzes found
Score Distribution
Percent of People with Each Score
Percentile by Number Answered
Your Score History
You have not taken this quiz since the last reset